| 000 | 00359nam a22001457a 4500 | ||
|---|---|---|---|
| 020 | _qPB. | ||
| 040 | _cFIZZA ISHAQ | ||
| 082 |
_a624.151 _bHAR |
||
| 100 |
_aCEDERGREN, R. HARRY. _989492 |
||
| 245 |
_aSEEPAGE DRAINAGE AND FLOW NETS / _cHARRY R. CEDERGREN. |
||
| 250 | _a3rd ED. | ||
| 260 |
_bJOHN WILLAY, _c1984. |
||
| 300 | _a465 P. ; | ||
| 942 |
_2ddc _cBK |
||
| 999 |
_c588215 _d588215 |
||